00581nam a2200205 a 4500001001300000003000900013005001700022008004100039020001000080082001600090100002500106245003100131260004300162300000900205500003500214505003100249650003700280650003300317700002500350nice12345678IN_TiNIC20260116013745.0050524s1997 lona grp 000 0 eng  ac73500a954.91bADD aAddleton, Jonathan S aSome Far and Distant Place aLondonbGeorgia University Pressc1997 a207p aincludes index and biblioraphy2 aNotes, Bibliography, Index aPakistan-Social Life and Customs aIslam-Relations Christianity1 aAddleton, Jonathan S